Ετσι κάηκε το δάσος ; Μόνο απο αγάπη : θεατρικό σε δύο πράξεις και Αφηγητή ; τρίπρακτο δράμα

Saved in:
Bibliographic Details
Main Author: Αλεξίου, Έλλη, 1894-1989
Format: Book
Language:Greek
Published: Αθήνα : Καστανιώτη, 1986.
Series:Ελλης Αλεξίου Απαντα ; 15α
Subjects:
Tags: Add Tag
No Tags, Be the first to tag this record!

MARC

LEADER 00000cam a2200000 i 4500
001 1/31354
008 960725s1986 gr | ||| |||| ||gre||
035 |1 ΕΛΗ  |a 1996  |b 2407  |c ΒΙΒΛΙΟΘΗΚΗ  |l 10038806 
040 |a GR-MY-UA  |b gre  |e aacr 
041 0 |a gre 
082 0 |a 889.2 
100 1 |a Αλεξίου, Έλλη,   |d 1894-1989. 
245 1 0 |a Ετσι κάηκε το δάσος ; Μόνο απο αγάπη :   |b θεατρικό σε δύο πράξεις και Αφηγητή ; τρίπρακτο δράμα /   |c Ελλη Αλεξίου.  
260 |a Αθήνα :   |b Καστανιώτη,   |c 1986.  
300 |a 106 σ. ;   |c 21 εκ.  
490 1 |a (Ελλης Αλεξίου Απαντα  |v ; 15α)  
650 0 0 |a Greek drama. 
830 0 |a Ελλης Αλεξίου Απαντα ;  |v  15α 
852 |a INST  |b SAMOS  |e 19960725  |h 889.2 ΑΛΕ  |p 005300009521  |q 005300009521  |t BK  |y 0 
909 |a Σ  |b 041646